| 000 | 02034nam a2200349 a 4500 | ||
|---|---|---|---|
| 999 |
_c484570 _d484570 |
||
| 003 | BLK | ||
| 005 | 20240306124806.0 | ||
| 008 | 180408b bul|||||r ||||||| ||bul|| | ||
| 010 | _aKNG00097935000 | ||
| 020 | _a9789544749620 | ||
| 040 | _aBLK | ||
| 041 |
_aBUL _cBUL |
||
| 080 |
_aВъзпитаване на лица, трудни за възпитаване - Възпитание на ранно развити деца, на високо надарени, разглезени, принудително възпитания на младежи, подлежащи на наказание. Вж и 343.81;343.8 _b376.5 _z376.5 |
||
| 080 |
_aПамет. Усвояване - Видове памет. Процеси на помненето:асоциация, репродукция, идентификация. Мнемотехника. Учене. Усвояване. Забравяне. Недостатъци на паметта _b159.953 _x-053 _z159.953-053 |
||
| 100 |
_aТомас, Майк _eпърви автор _91299 |
||
| 139 |
_aТомас, Майк _bТ 69 |
||
| 245 | 1 | 0 |
_aУспешният дислексик _bПрактически техники за справяне с дислексията в живота _cМайк Томас; прев. от англ. Александра Ланг. |
| 257 | _aBGR | ||
| 260 |
_aСофия _bКибеа _c2022 _fСофия : Симолини 94 _9209528 |
||
| 300 |
_a183 с. _c21 см |
||
| 380 | _a3 | ||
| 500 | _aОриг. загл.: The successful dyslexic: Practical Techniques for Dealing with Dyslexia / Mike Thomas | ||
| 650 | 0 |
_aДислексия - при децата _9391362 |
|
| 653 | 0 |
_aневрологични разстройства _9402303 |
|
| 653 | 7 |
_aдеца _9184884 |
|
| 700 |
_aЛанг, Александра Апостолова _eпрев. от англ. _91021 |
||
| 852 |
_aЦб 316901 _bЦб |
||
| 856 |
_i0.00 _ldisable |
||
| 942 |
_cKNG _n0 _s1 _05 |
||
| 944 |
_c2022-12-06 _lГалина Якимова _k30564 |
||
| 944 |
_c2023-03-22 _kГГГ _aED |
||